000 00670nam a2200193Ia 4500
003 GCL
008 140319s9999 xx 000 0 ara d
020 _a7573215977
040 _aGCL /
_cGCL
082 0 4 _a922.1
_bس ا
100 1 _aسعد القاضى
245 1 0 _aابوالعباس المرسى /
_cسعد القاضى
260 _aالقاهرة :
_bدار غريب للطباعة والنشر والتوزيع ،
_c2001
300 _a64 ص ؛
_c22 سم
650 0 4 _aالاسلام - تراجم
650 0 4 _aالرجال - تراجم
650 0 4 _aالمرسى: شهاب الدين ابو العباس احمد بن عمر بن محمد
942 _2ddc
_cBK
999 _c3293
_d3293